Reflexiones acerca de los derechos fundamentales, la administración pública y el presupuesto público (Registro nro. 24009)

Detalles MARC
000 -LEADER
fixed length control field 00378 a2200109 4500
001 - CONTROL NUMBER
control field ART_31272
005 - DATE AND TIME OF LATEST TRANSACTION
control field 20260410161840.0
008 - FIXED-LENGTH DATA ELEMENTS--GENERAL INFORMATION
fixed length control field 260409a
100 1# - MAIN ENTRY--PERSONAL NAME
Personal name Ivanega, Miriam Mabel
245 10 - TITLE STATEMENT
Title Reflexiones acerca de los derechos fundamentales, la administración pública y el presupuesto público
773 0# - HOST ITEM ENTRY
Title RAP
Related parts - Año 36, Nº 421 (oct. 2013)
Record control number REV5941

No hay ítems disponibles.